000 00736nam a2200205 u 4500
001 000482783
003 AM-YeHGA
005 20250618072611.0
008 060403s2006 ai r 000 0 arm d
020 _a9994153102
040 _aAM-YeHGA
041 0 _aarm
100 1 _aԱնդրանիկյան, Արթուր Անդրանիկի,
_d1959-
_92860
245 1 0 _aՎերամուտ :
_b[Բանաստեղծություններ ] /
_cԱ. Անդրանիկեան.
260 _aԵրեւան :
_bՎՄՎ-Պրինտ,
_c2006.
300 _a144 էջ :
_bդիմանկ. ;
_c13 սմ.
504 _aՀեղինակի տպագրված գրքերի ցանկ
650 1 4 _aՍփյուռքահայ գրականություն
_xՊոեզիա
090 _c178906
999 _c177461
_d177461